000 00936nam a2200289 a 4500
001 000024660
003 DO-SdBNP
005 20240412074251.0
007 ta
008 110202s2010 dr 001 p spa d
020 _a9789945469233
040 _aDO-SdBNP
_bspa
_cBNPHU
082 4 _aRD861.44
_bP579p
_222
100 1 _aPiña, Jorge,
_d1959 -
_924936
245 1 3 _aEl poema es metalenguaje :
_b(antología y manifiestos de la metapoesía) /
_cJorge Piña.
260 _aSanto Domingo :
_bNacional,
_c2010.
300 _a198 p. ;
_c22 cm.
490 1 _aLetras de Ultramar
500 _aIncluye bibliografía y notas al final de capítulos.
590 _aInventariado, 2019/LP
650 4 _aPoesía dominicana
_966
650 4 _aPoesía dominicana
_xHistoria y crítica
_913072
650 0 _aLiteratura dominicana.
_967
830 0 _aLetras de Ultramar
_950576
910 _aValidado. Control de calidad EMS
942 _2ddc
_cLBS1
999 _c24153
_d24153